Fast Times - Sabrina Carpenter - Statistics

General Stats
  • This quiz has been taken 39 times
  • The average score is 218 of 276
Answer Stats
Hint Answer % Correct
I
100%
so
100%
to
100%
a
95%
like
95%
savings
95%
an
90%
and
90%
are
90%
daylight
90%
fast
90%
Fast
90%
me
90%
Verse 1 Sun's
90%
time
90%
times
90%
up
90%
for
85%
is
85%
it
85%
nights,
85%
the
85%
these
85%
Chorus These
85%
Bridge These,
85%
too
85%
we
85%
couldn't
80%
ever
80%
forget
80%
Give
80%
help
80%
in
80%
in,
80%
on
80%
really
80%
second
80%
soon
80%
yeah
80%
(Yeah)
80%
be
75%
fuck
75%
meant
75%
No
75%
patience?
75%
Sky
75%
what
75%
you
75%
blinds,
70%
But
70%
can
70%
Closed
70%
closed
70%
congregating
70%
eyes
70%
looks
70%
purple,
70%
taste
70%
us
70%
bed
65%
emotions
65%
Mixed
65%
Verse 2 My
65%
Outlines
65%
perfect
65%
rewrites,
65%
sides,
65%
cadence
60%
feelings
60%
of
60%
speak
60%
such
60%
used
60%
all
55%
Picturin'
55%
places
55%
"baby"
50%
call
50%
Tiptoeing
50%
Ahead
45%
contemplatin'
45%
days
45%
many
45%
stages
45%
understatement
45%
here
40%
myself's
40%
past
40%
serrated
40%
stories
40%
Three
40%
Couple
35%
No matching quizzes found
Score Distribution
Percent of People with Each Score
Percentile by Number Answered
Your Score History
You have not taken this quiz